000 00491nam a22001577a 4500
999 _c14931
_d14931
003 OSt
005 20200131155352.0
008 200131b ||||| |||| 00| 0 eng d
040 _c2
082 _aDPer 050 Dec 2015-Mar 2016 T48 v186-187
100 _941472
_aFrizell, Sam.
245 _aWhy Bernie Sanders' revolution needs a second act/
_cSam Frizell.
260 _aNew York:
_bTime Inc.,
_c©Dec 2015-Mar 2016.
300 _av187 n3, page 5-6:
_billustrations;
_c27 cm.
942 _2ddc
_cPER